000 00522nam a22001817a 4500
003 OSt
005 20250630025309.0
008 250630b |||||||| |||| 00| 0 eng d
020 _a978-93-5084-846-3
040 _aDWCL - Main lib
_cOC
082 _aCirc. 657 A169 2016
100 _a3G E Learning
245 _aAccounting services specialist/
_c3G E Learning
260 _aUAE:
_b3G E Learning ,
_cc2016.
300 _a68 pages,
_b illustrations;
_c 24cm.
650 _a1. Accounting
942 _2ddc
_cBK-CIRC
_kCirc.
_n0
999 _c3298
_d3298